Normal view
MARC view
Entry Personal Name
001 - CONTROL NUMBER
- control field: 210
003 - CONTROL NUMBER IDENTIFIER
- control field: HDC
005 - DATE AND TIME OF LATEST TRANSACTION
- control field: 20230624073054.0
008 - FIXED-LENGTH DATA ELEMENTS
- fixed length control field: 201216|| aca||aabn | a|a d
040 ## - CATALOGING SOURCE
- Original cataloging agency: HDC
- Transcribing agency: HDC
100 ## - HEADING--PERSONAL NAME
- Personal name: Dr. Muhammad Khalique
670 ## - SOURCE DATA FOUND
- Source citation: Work cat.: (HDC): Muhammad Wasim Jan Khan, author 206, An Overview of Small and Medium Enterprises in Malaysia and Pakistan: Past, Present and Future Scenario /, 2014
